000 00476nam a2200181Ia 4500
005 20250508161648.0
008 008 250505s9999 xx 000 0 eng d
037 _aTextual
040 _aFEDL
_beng
_cFEDL
041 _aeng
_2eng
084 _a500, ASI
_qFEDL
100 _aAsimov Isaac
245 0 _aLife and energy
260 _aNew York, USA
_bBantam Pathfinder Editions
_c1965
300 _a378p
942 _cTEXL
_h500, ASI
999 _c1371404
_d1371404